Barcelona Current Squad (25/26) - Statistics

General Stats
  • This quiz has been taken 77 times
    16 since last reset
  • The average score is 16 of 25
Answer Stats
Answer % Correct
Joan García
100%
Marc-André ter Stegen
90%
Frenkie de Jong
80%
Lamine Yamal
80%
Marcus Rashford
80%
Pau Cubarsí
80%
Pedri
80%
Raphinha
80%
Robert Lewandowski
80%
Hansi Flick
70%
Ronald Araujo
70%
Wojciech Szczesny
70%
Andreas Christensen
60%
Dani Olmo
60%
Fermín López
60%
Ferran Torres
60%
Gavi
60%
Gerard Martín
60%
Jules Koundé
60%
Alejandro Balde
40%
Dro Fernández
40%
Eric García
40%
Marc Bernal
40%
Roony Bardghji
30%
Marc Casadó
20%
No matching quizzes found
Score Distribution
Percent of People with Each Score
Percentile by Number Answered
Your Score History
You have not taken this quiz since the last reset